Ikat patterns / (Record no. 352566)
[ view plain ]
| 000 -LEADER | |
|---|---|
| fixed length control field | 01556 a2200277 4500 |
| 003 - CONTROL NUMBER IDENTIFIER | |
| control field | OSt |
| 005 - DATE AND TIME OF LATEST TRANSACTION | |
| control field | 20180116192338.0 |
| 008 - FIXED-LENGTH DATA ELEMENTS--GENERAL INFORMATION | |
| fixed length control field | 120525t xxu||||| |||| 00| 0 eng d |
| 020 ## - INTERNATIONAL STANDARD BOOK NUMBER | |
| International Standard Book Number | 9057680580 (paperback) |
| 020 ## - INTERNATIONAL STANDARD BOOK NUMBER | |
| International Standard Book Number | 9789057680588 (paperback) |
| 040 ## - CATALOGING SOURCE | |
| Transcribing agency | 0 |
| 082 04 - DEWEY DECIMAL CLASSIFICATION NUMBER | |
| Classification number | 746.6609 |
| 100 1# - MAIN ENTRY--PERSONAL NAME | |
| Personal name | Roojen, Pepin van |
| 9 (RLIN) | 2168 |
| 245 10 - TITLE STATEMENT | |
| Title | Ikat patterns / |
| Statement of responsibility, etc. | Pepin van Roojen |
| 260 ## - PUBLICATION, DISTRIBUTION, ETC. | |
| Place of publication, distribution, etc. | Amsterdam : |
| Name of publisher, distributor, etc. | Pepin Press, |
| Date of publication, distribution, etc. | 2004. |
| 300 ## - PHYSICAL DESCRIPTION | |
| Extent | 128 p. : |
| Other physical details | ill.; |
| Dimensions | 22 cm. |
| 490 1# - SERIES STATEMENT | |
| Series statement | Agile rabbit editions. |
| 520 ## - SUMMARY, ETC. | |
| Summary, etc. | This book contains stunning images for use as a graphic resource, or inspiration. All the illustrations are stored in high-resolution format on the enclosed free CD-ROM and are ready to use for professional quality printed media and web page design. The pictures can also be used to produce postcards, or to decorate your letters, flyers, etc. They can be imported directly from the CD into most design, image- manipulation, illustration, word-processing and e-mail programs; no installation is required. For most applications, single images can be used free of charge. Please consult the introduction to this book, or visit our website for conditions. |
| 650 ## - SUBJECT ADDED ENTRY--TOPICAL TERM | |
| Topical term or geographic name entry element | Dyes and dyeing |
| General subdivision | Textile fibers |
| 9 (RLIN) | 2169 |
| 650 ## - SUBJECT ADDED ENTRY--TOPICAL TERM | |
| Topical term or geographic name entry element | Ikat |
| General subdivision | Themes, motives |
| Geographic subdivision | Asia |
| 9 (RLIN) | 2170 |
| 700 1# - ADDED ENTRY--PERSONAL NAME | |
| Personal name | Press, Pepin. |
| 9 (RLIN) | 2171 |
| 830 #0 - SERIES ADDED ENTRY--UNIFORM TITLE | |
| Uniform title | Agile rabbit editions. |
| 9 (RLIN) | 2172 |
| 856 40 - ELECTRONIC LOCATION AND ACCESS | |
| Materials specified | Amazon.com |
| Uniform Resource Identifier | <a href="http://www.amazon.com/exec/obidos/ASIN/9057680580/chopaconline-20">http://www.amazon.com/exec/obidos/ASIN/9057680580/chopaconline-20</a> |
| 942 ## - ADDED ENTRY ELEMENTS (KOHA) | |
| Institution code [OBSOLETE] | SADA |
| Koha item type | Book |
| Call number prefix | 746.6609 ROO 2004 |
| Source of classification or shelving scheme | |
| Withdrawn status | Lost status | Source of classification or shelving scheme | Damaged status | Not for loan | Permanent Location | Current Location | Date acquired | Total Checkouts | Full call number | Barcode | Date last seen | Cost, replacement price | Price effective from | Koha item type |
|---|---|---|---|---|---|---|---|---|---|---|---|---|---|---|
| School of Art Design and Architecture (SADA) | School of Art Design and Architecture (SADA) | 02/17/2011 | 746.6609 ROO 2004 | SADA0000643 | 08/05/2011 | 1447.00 | 08/05/2011 | Book | ||||||
| School of Art Design and Architecture (SADA) | School of Art Design and Architecture (SADA) | 09/29/2011 | CD 746.6609 ROO 2004 | SADA0001613 | 01/05/2017 | 01/05/2017 |
